[Event "Benidorm op U2000 18th"]
[Site "Benidorm"]
[Date "2019.12.04"]
[Round "6"]
[White "Oreshkin, Vladislav"]
[Black "Segura del Frago, Imanol"]
[Result "0-1"]
[WhiteElo "1847"]
[BlackElo "1973"]
[PlyCount "112"]
[EventDate "2019.11.29"]
[EventType "swiss"]
[EventRounds "10"]
[EventCountry "ESP"]
[SourceTitle "EXT 2022"]
[Source "ChessBase"]
[SourceDate "2021.10.06"]
[SourceVersion "1"]
[SourceVersionDate "2021.10.06"]
[SourceQuality "1"]

1. Nf3 d5 2. e3 Nf6 3. c4 e6 4. b3 Be7 5. Qc2 0-0 6. Bb2 c5 7. cxd5 exd5 8. d3 Nc6 9. a3 Bg4 10. Be2 Rc8 11. Nbd2 Re8 12. 0-0 Qd7 13. Rfe1 Qe6 14. Nf1 Bh5 15. Rac1 h6 16. Bc3 Bg6 17. Qb2 Bf8 18. Ng3 Nd7 19. d4 b6 20. Bb5 Bh7 21. dxc5 bxc5 22. Rcd1 Rb8 23. a4 Rb6 24. Nh5 g5 25. Qd2 Be4 26. Ng3 a6 27. Nxe4 axb5 28. Qxd5 Qxd5 29. Rxd5 Rxe4 30. Rxd7 bxa4 31. Nd2 Re8 32. bxa4 Ra8 33. Ra1 Rba6 34. a5 Nxa5 35. Ne4 Bg7 36. Bxg7 Kxg7 37. Kf1 Nb3 38. Rxa6 Rxa6 39. Rc7 Ra5 40. Nd6 Kf6 41. Nxf7 c4 42. Nd6 Ra1+ 43. Ke2 Ra2+ 44. Kf3 Nd2+ 45. Kg3 Rc2 46. Rc6 Ke5 47. Nf7+ Kd5 48. Rxh6 Ne4+ 49. Kg4 Rxf2 50. g3 Rxf7 51. h4 c3 52. hxg5 c2 53. g6 Rg7 54. Rh5+ Kc4 55. Rh8 c1Q 56. Rc8+ Nc5 0-1

[Event "Benidorm op U2000 18th"]
[Site "Benidorm"]
[Date "2019.12.04"]
[Round "7"]
[White "Segura del Frago, Imanol"]
[Black "Dumont, Andre"]
[Result "0-1"]
[WhiteElo "1973"]
[BlackElo "1895"]
[PlyCount "94"]
[EventDate "2019.11.29"]
[EventType "swiss"]
[EventRounds "10"]
[EventCountry "ESP"]
[SourceTitle "EXT 2022"]
[Source "ChessBase"]
[SourceDate "2021.10.06"]
[SourceVersion "1"]
[SourceVersionDate "2021.10.06"]
[SourceQuality "1"]

1. e4 e5 2. Nf3 Nc6 3. Bc4 Nf6 4. d3 Be7 5. 0-0 d6 6. a3 0-0 7. h3 Na5 8. Ba2 c5 9. b4 Nc6 10. bxc5 dxc5 11. Bb2 Qc7 12. Nbd2 Ne8 13. Nc4 Bf6 14. Ne3 Be6 15. Bxe6 fxe6 16. a4 Rd8 17. Nc4 b6 18. Bc3 g5 19. Rb1 Nd6 20. Nxd6 Qxd6 21. Nxg5 Bxg5 22. Qg4 h6 23. f4 Rxf4 24. Rxf4 exf4 25. h4 Ne5 26. Bxe5 Qxe5 27. hxg5 hxg5 28. a5 Kg7 29. axb6 Rh8 30. c3 Kf6 31. bxa7 Qxc3 32. Qe2 Qd4+ 33. Qf2 Qxd3 34. Qb2+ e5 35. Qb6+ Kg7 36. Qc7+ Kg6 37. Rb6+ Kh5 38. Qf7+ Kh4 39. Qa2 Qd1+ 40. Kf2 Qd4+ 41. Kf1 Qd1+ 42. Kf2 g4 43. Qe2 g3+ 44. Kf3 Qa1 45. Qd3 Qxa7 46. Rd6 c4 47. Qe2 Qa3+ 0-1

[Event "Benidorm op U2000 18th"]
[Site "Benidorm"]
[Date "2019.12.01"]
[Round "3"]
[White "Segura del Frago, Imanol"]
[Black "Wlogalski, Olivier"]
[Result "1/2-1/2"]
[WhiteElo "1973"]
[BlackElo "1858"]
[PlyCount "116"]
[EventDate "2019.11.29"]
[EventType "swiss"]
[EventRounds "10"]
[EventCountry "ESP"]
[SourceTitle "EXT 2022"]
[Source "ChessBase"]
[SourceDate "2021.10.06"]
[SourceVersion "1"]
[SourceVersionDate "2021.10.06"]
[SourceQuality "1"]

1. e4 b6 2. d4 Bb7 3. Bd3 e6 4. Nf3 c5 5. 0-0 Nf6 6. Re1 Be7 7. c4 d6 8. d5 e5 9. Nc3 h6 10. Nd2 g5 11. Nf1 Bc8 12. a3 Bg4 13. Qc2 Bh5 14. Ne2 Bg6 15. Neg3 Nh5 16. Nxh5 Bxh5 17. b4 Nd7 18. Bd2 Bg6 19. Ng3 0-0 20. Be2 Bf6 21. Bg4 Bg7 22. Qd3 Nf6 23. Bf5 Nh5 24. Nxh5 Bxh5 25. bxc5 bxc5 26. Rab1 Qc7 27. Rb5 Rfb8 28. a4 a6 29. Ba5 Qa7 30. Rbb1 Rxb1 31. Rxb1 Rb8 32. Rb3 Bg6 33. Bxg6 fxg6 34. Qb1 Rxb3 35. Qxb3 Bf8 36. Bd2 Be7 37. h4 Qd7 38. hxg5 hxg5 39. a5 Bd8 40. Qb8 Kg7 41. Qa8 Qa4 42. Kh2 Qd1 43. Be3 Qh5+ 44. Kg1 Qd1+ 45. Kh2 Qh5+ 46. Kg3 Qh4+ 47. Kf3 Qh5+ 48. g4 Qh3+ 49. Ke2 Qxg4+ 50. f3 Qg2+ 51. Bf2 Bxa5 52. Qxa6 Bc3 53. Qxd6 Bd4 54. Qe7+ Kg8 55. Qe6+ Kg7 56. Qe7+ Kg8 57. Qe6+ Kg7 58. Qe7+ Kg8 1/2-1/2

[Event "San Sebastian Gros op 29th"]
[Site "San Sebastian"]
[Date "2019.06.26"]
[Round "7"]
[White "Segura del Frago, Imanol"]
[Black "Etchegaray, Patrice"]
[Result "1/2-1/2"]
[WhiteElo "2009"]
[BlackElo "2322"]
[PlyCount "92"]
[EventDate "2019.06.21"]
[EventType "swiss"]
[EventRounds "9"]
[EventCountry "ESP"]
[SourceTitle "EXT 2020"]
[Source "ChessBase"]
[SourceDate "2019.10.17"]
[SourceVersion "1"]
[SourceVersionDate "2019.10.17"]
[SourceQuality "1"]

1. d4 Nf6 2. c4 Nc6 3. d5 Ne5 4. e3 e6 5. Be2 Bb4+ 6. Nc3 0-0 7. Bd2 d6 8. Nf3 Ng6 9. 0-0 e5 10. a3 Bxc3 11. Bxc3 Ne4 12. Be1 f5 13. Nd2 Nxd2 14. Bxd2 f4 15. Bg4 Qg5 16. Bxc8 Raxc8 17. exf4 exf4 18. f3 Rce8 19. Rf2 Re7 20. Qf1 Rf5 21. Re1 Rfe5 22. Rfe2 b6 23. Bc3 Rxe2 24. Rxe2 Nh4 25. Rxe7 Qxe7 26. Qe1 Qxe1+ 27. Bxe1 Nf5 28. Bd2 g5 29. Kf2 Kf7 30. g3 fxg3+ 31. hxg3 Kg6 32. Bc3 a5 33. g4 Ne7 34. b4 axb4 35. axb4 b5 36. Ke3 bxc4 37. Kd4 h5 38. gxh5+ Kxh5 39. Kxc4 Kg6 40. b5 Nc8 41. Ba5 Nb6+ 42. Kd4 Kf5 43. Bd2 Nd7 44. Ba5 Nb6 45. Bd2 Nd7 46. Ba5 Nb6 1/2-1/2

[Event "Erandio op 27th"]
[Site "Erandio"]
[Date "2018.12.17"]
[Round "3"]
[White "Segura del Frago, Imanol"]
[Black "Rubio Rodriguez, Luis"]
[Result "1-0"]
[WhiteElo "2023"]
[BlackElo "1782"]
[PlyCount "67"]
[EventDate "2018.12.15"]
[EventType "swiss"]
[EventRounds "8"]
[EventCountry "ESP"]
[SourceTitle "EXT 2020"]
[Source "ChessBase"]
[SourceDate "2019.10.17"]
[SourceVersion "1"]
[SourceVersionDate "2019.10.17"]
[SourceQuality "1"]

1. e4 c5 2. Nf3 g6 3. Bc4 Nc6 4. 0-0 Bg7 5. c3 Nf6 6. e5 Ne4 7. d3 d5 8. Bb5 Bg4 9. dxe4 0-0 10. Bxc6 bxc6 11. exd5 cxd5 12. Re1 Qc7 13. Nbd2 Bxe5 14. h3 Bh5 15. g4 Bd6 16. gxh5 gxh5 17. Nf1 Kh8 18. Qxd5 Rg8+ 19. Kh1 Qd7 20. Qxh5 Rg6 21. Ne5 Bxe5 22. Qxe5+ f6 23. Qe6 Rag8 24. Ng3 Qd3 25. Be3 h5 26. Rad1 Qc2 27. Rd2 Qa4 28. b3 Qb5 29. c4 Qb7+ 30. Qd5 Qc8 31. Qxh5+ Kg7 32. Bxc5 Kf7 33. Qd5+ Ke8 34. Rxe7+ 1-0

[Event "Getxo op 2nd"]
[Site "Getxo"]
[Date "2017.09.09"]
[Round "1"]
[White "Eguia Abad, Jon"]
[Black "Segura del Frago, Imanol"]
[Result "0-1"]
[WhiteElo "1498"]
[BlackElo "1979"]
[PlyCount "24"]
[EventDate "2017.09.09"]
[EventType "swiss"]
[EventRounds "9"]
[EventCountry "ESP"]
[SourceTitle "CBM 180 Extra"]
[Source "ChessBase"]
[SourceDate "2017.10.06"]
[SourceVersion "1"]
[SourceVersionDate "2017.10.06"]
[SourceQuality "1"]

1. e4 d5 2. exd5 Nf6 3. d4 Nxd5 4. c4 Nb6 5. Be3 g6 6. Bd3 Bg7 7. Ne2 0-0 8. Qd2 Nc6 9. Qc3 e5 10. dxe5 Nxe5 11. Bd4 Nxd3+ 12. Qxd3 c5 0-1

[Event "Euskadi-ch"]
[Site "Zornotza"]
[Date "2013.04.05"]
[Round "5"]
[White "Albo Ruiz, Jose Martin"]
[Black "Segura del Frago, Imanol"]
[Result "0-1"]
[WhiteElo "1911"]
[BlackElo "2012"]
[PlyCount "80"]
[EventDate "2013.04.01"]
[EventType "swiss"]
[EventRounds "7"]
[EventCountry "ESP"]
[SourceTitle "CBM 153 Extra"]
[Source "ChessBase"]
[SourceDate "2013.04.22"]
[SourceVersion "1"]
[SourceVersionDate "2013.04.22"]
[SourceQuality "1"]

1. e4 e5 2. Nf3 Nc6 3. Bc4 Nf6 4. Ng5 d5 5. exd5 Na5 6. Bb5+ c6 7. dxc6 bxc6 8. Bd3 h6 9. Ne4 Nd5 10. Ng3 g6 11. Be2 Bg7 12. Nc3 0-0 13. d3 f5 14. Bd2 Nb7 15. Bf3 Be6 16. 0-0 Nd6 17. Re1 Nf7 18. Nxd5 cxd5 19. Bb4 Re8 20. Ba3 Rb8 21. Rb1 Qc7 22. c3 e4 23. Be2 Ne5 24. d4 Nc4 25. Bxc4 Qxc4 26. Ra1 Rb7 27. Nf1 f4 28. Nd2 Qc8 29. Nb3 Rf7 30. f3 Bf5 31. Bd6 g5 32. Nc5 Qc6 33. fxe4 dxe4 34. Qa4 Qc8 35. Nb3 e3 36. Rac1 Be4 37. Nc5 Bxg2 38. Qc2 f3 39. Bg3 Qh3 40. Ne4 Rxe4 0-1

[Event "Mondragon Arrasate Hiria op 12th"]
[Site "Mondragon"]
[Date "2012.10.12"]
[Round "5"]
[White "Villar Moron, Roberto"]
[Black "Segura del Frago, Imanol"]
[Result "1/2-1/2"]
[WhiteElo "1899"]
[BlackElo "1998"]
[PlyCount "91"]
[EventDate "2012.09.14"]
[EventType "swiss"]
[EventRounds "6"]
[EventCountry "ESP"]
[SourceTitle "EXT 2013"]
[Source "ChessBase"]
[SourceDate "2012.11.22"]
[SourceVersion "1"]
[SourceVersionDate "2012.11.22"]
[SourceQuality "1"]

1. e4 e5 2. Nf3 Nc6 3. Bc4 Bc5 4. c3 Nf6 5. d3 d6 6. Bg5 a6 7. 0-0 h6 8. Bh4 g5 9. Bg3 0-0 10. b4 Ba7 11. h4 Nh5 12. Kh1 g4 13. Nh2 Nxg3+ 14. fxg3 h5 15. Qd2 Kg7 16. Na3 f5 17. exf5 Bxf5 18. Nc2 d5 19. Bb3 d4 20. c4 a5 21. a3 axb4 22. axb4 Bg6 23. Rxf8 Qxf8 24. Rf1 Qe7 25. Qe2 Rd8 26. Nxg4 hxg4 27. Qxg4 Rf8 28. Rxf8 Qxf8 29. h5 Qf1+ 30. Kh2 Qf5 31. Qxg6+ Qxg6 32. hxg6 e4 33. dxe4 d3 34. Na3 Nxb4 35. Nb5 Bb8 36. Kg1 c6 37. Nc3 Bxg3 38. Kf1 Nc2 39. Na4 Ne3+ 40. Kg1 d2 41. Nc3 Kxg6 42. Nd1 Nxd1 43. Bxd1 Kf6 44. Kf1 Ke5 45. Ke2 Bf4 46. Kd3 1/2-1/2

[Event "London Classic op"]
[Site "London"]
[Date "2010.12.08"]
[Round "1"]
[White "Thomassen, Joachim"]
[Black "Segura del Frago, Imanol"]
[Result "1-0"]
[WhiteElo "2418"]
[BlackElo "2042"]
[PlyCount "69"]
[EventDate "2010.12.08"]
[EventType "swiss"]
[EventRounds "9"]
[EventCountry "ENG"]
[SourceTitle "CBM 139 Extra"]
[Source "ChessBase"]
[SourceDate "2011.01.05"]
[SourceVersion "1"]
[SourceVersionDate "2011.01.05"]
[SourceQuality "1"]

1. d4 d5 2. Nf3 Nf6 3. c4 dxc4 4. e3 e6 5. Bxc4 c5 6. 0-0 a6 7. a4 Nc6 8. Nc3 Be7 9. b3 0-0 10. Bb2 cxd4 11. exd4 Nb4 12. Qe2 b6 13. Ne5 Nfd5 14. Ne4 Bb7 15. Rae1 Rc8 16. Rc1 Nf4 17. Qf3 Nbd5 18. Rfd1 Rc7 19. Bf1 Ng6 20. Rxc7 Nxe5 21. dxe5 Qxc7 22. Rc1 Qd7 23. Qg3 Kh8 24. h4 Rc8 25. Rxc8+ Qxc8 26. Bd3 Qd8 27. Qf3 Nb4 28. Bb1 Kg8 29. h5 h6 30. Kh2 Qd5 31. Nf6+ gxf6 32. Be4 Qxe4 33. Qg3+ Kf8 34. exf6 Bd6 35. Qxd6+ 1-0

[Event "San Sebastian op 33rd"]
[Site "San Sebastian"]
[Date "2010.04.01"]
[Round "6"]
[White "Nava Pereda, Carlos"]
[Black "Segura del Frago, Imanol"]
[Result "1-0"]
[WhiteElo "2254"]
[BlackElo "2010"]
[PlyCount "57"]
[EventDate "2010.03.28"]
[EventType "swiss"]
[EventRounds "9"]
[EventCountry "ESP"]
[SourceTitle "CBM 135 Extra"]
[Source "ChessBase"]
[SourceDate "2010.05.04"]
[SourceVersion "1"]
[SourceVersionDate "2010.05.04"]
[SourceQuality "1"]

1. d4 Nf6 2. c4 g6 3. Nc3 Bg7 4. e4 d6 5. f3 0-0 6. Be3 Nc6 7. Nge2 a6 8. Qd2 Rb8 9. Rc1 e5 10. d5 Ne7 11. b4 Nh5 12. g4 Nf4 13. Nxf4 exf4 14. Bxf4 f5 15. Be2 fxg4 16. fxg4 Kh8 17. 0-0 Ng8 18. Bg5 Nf6 19. h3 Qe7 20. Bf3 Bd7 21. Rce1 Rbe8 22. Bg2 h5 23. gxh5 gxh5 24. c5 Qf7 25. e5 dxe5 26. Bxf6 Bxf6 27. Qh6+ Kg8 28. Ne4 Qg7 29. Nxf6+ 1-0

[Event "San Sebastian op 33rd"]
[Site "San Sebastian"]
[Date "2010.04.01"]
[Round "5"]
[White "Saenz Zabala, Juan Ignacio"]
[Black "Segura del Frago, Imanol"]
[Result "0-1"]
[WhiteElo "1845"]
[BlackElo "2010"]
[PlyCount "64"]
[EventDate "2010.03.28"]
[EventType "swiss"]
[EventRounds "9"]
[EventCountry "ESP"]
[SourceTitle "CBM 135 Extra"]
[Source "ChessBase"]
[SourceDate "2010.05.04"]
[SourceVersion "1"]
[SourceVersionDate "2010.05.04"]
[SourceQuality "1"]

1. e4 c5 2. f4 d5 3. e5 a6 4. Nf3 Nc6 5. d4 Bg4 6. dxc5 e6 7. c3 Bxc5 8. Qd3 Qb6 9. b4 Bf2+ 10. Ke2 Bf5 11. Qd2 Nh6 12. h3 Be4 13. g4 Bg3 14. Qe3 Qb5+ 15. Kd2 Qa4 16. Bd3 Rc8 17. Bxe4 dxe4 18. Qxe4 0-0 19. Ng5 g6 20. Ke2 Rfd8 21. Be3 a5 22. Nd2 Kg7 23. Kf3 Bh4 24. bxa5 Qxa5 25. Nc4 Qxc3 26. Nd6 Ra8 27. Rhc1 Qb2 28. Rab1 Qh2 29. Rc2 Qg3+ 30. Ke2 Ra3 31. Rf1 Rxe3+ 32. Qxe3 Qg2+ 0-1

[Event "Euskadi-chT"]
[Site "Bergara"]
[Date "2010.02.20"]
[Round "6.5"]
[White "Nava Pereda, Carlos"]
[Black "Segura del Frago, Imanol"]
[Result "1-0"]
[WhiteElo "2254"]
[BlackElo "2028"]
[PlyCount "47"]
[EventDate "2010.01.09"]
[EventType "team-tourn"]
[EventRounds "9"]
[EventCountry "ESP"]
[SourceTitle "EXT 2011"]
[Source "ChessBase"]
[SourceDate "2010.11.26"]
[SourceVersion "1"]
[SourceVersionDate "2010.11.26"]
[SourceQuality "1"]

1. d4 Nf6 2. c4 e6 3. Nc3 Bb4 4. Qc2 Nc6 5. Nf3 d6 6. Bd2 0-0 7. a3 Bxc3 8. Bxc3 Qe7 9. g3 e5 10. d5 Nb8 11. Bg2 h6 12. 0-0 Nh7 13. Nh4 Ng5 14. Kh1 e4 15. f4 exf3 16. exf3 Bh3 17. Bxh3 Nxh3 18. Bxg7 Re8 19. Bxh6 Qf6 20. Qd2 Kh7 21. Be3 Rg8 22. Qd3+ Rg6 23. Nxg6 fxg6 24. Qd4 1-0

[Event "Groseko Udaberriko Txapelke"]
[Site "Donostia"]
[Date "2009.06.06"]
[Round "5.3"]
[White "Markina Amutxastegi, Fernando"]
[Black "Segura del Frago, Imanol"]
[Result "0-1"]
[WhiteElo "1808"]
[BlackElo "1938"]
[PlyCount "42"]
[EventDate "2009.05.09"]
[EventType "swiss"]
[EventRounds "7"]
[EventCountry "ESP"]
[SourceTitle "EXT 2024"]
[Source "ChessBase"]
[SourceDate "2023.10.10"]
[SourceVersion "1"]
[SourceVersionDate "2023.10.10"]
[SourceQuality "1"]

1. e4 c5 2. Nc3 e6 3. d3 d5 4. e5 Nc6 5. f4 Nge7 6. Nf3 Nf5 7. g3 b5 8. a3 Qb6 9. Bg2 a5 10. b3 Ba6 11. Bd2 Be7 12. Ne2 0-0 13. c3 f6 14. g4 Nh6 15. h3 Nf7 16. d4 cxd4 17. Nexd4 Nxd4 18. cxd4 fxe5 19. fxe5 b4 20. a4 Qxd4 21. Qc2 Qxa1+ 0-1

[Event "Groseko Udaberriko Txapelke"]
[Site "Donostia"]
[Date "2009.05.30"]
[Round "4.2"]
[White "Segura del Frago, Imanol"]
[Black "Galarza Cenzano, Inigo"]
[Result "1/2-1/2"]
[WhiteElo "1938"]
[BlackElo "2037"]
[PlyCount "65"]
[EventDate "2009.05.09"]
[EventType "swiss"]
[EventRounds "7"]
[EventCountry "ESP"]
[SourceTitle "EXT 2024"]
[Source "ChessBase"]
[SourceDate "2023.10.10"]
[SourceVersion "1"]
[SourceVersionDate "2023.10.10"]
[SourceQuality "1"]

1. e4 c5 2. Nf3 Nc6 3. Bc4 g6 4. 0-0 Bg7 5. c3 d6 6. Qe2 Nf6 7. e5 Nxe5 8. Nxe5 dxe5 9. Qxe5 Qd6 10. Qxd6 exd6 11. Re1+ Kf8 12. d4 d5 13. Bb3 c4 14. Bc2 Bf5 15. Bxf5 gxf5 16. b3 cxb3 17. axb3 a6 18. f3 h6 19. Ba3+ Kg8 20. Re7 b5 21. Bc5 Bf8 22. Rc7 Bxc5 23. Rxc5 Kg7 24. Rc6 Rhe8 25. Kf2 Re6 26. Rxe6 fxe6 27. Ra5 Ne8 28. Ke3 Kf6 29. Na3 Nd6 30. Nc2 Nb7 31. Ra1 a5 32. Kd3 f4 33. Ra2 1/2-1/2

[Event "San Sebastian op 32nd"]
[Site "San Sebastian"]
[Date "2009.04.04"]
[Round "1"]
[White "San Segundo Carrillo, Pablo"]
[Black "Segura del Frago, Imanol"]
[Result "1-0"]
[WhiteElo "2560"]
[BlackElo "1938"]
[PlyCount "82"]
[EventDate "2009.04.04"]
[EventType "swiss"]
[EventRounds "9"]
[EventCountry "ESP"]
[SourceTitle "CBM 129 Extra"]
[Source "ChessBase"]
[SourceDate "2009.05.05"]
[SourceVersion "2"]
[SourceVersionDate "2009.05.20"]
[SourceQuality "1"]

1. d4 Nf6 2. c4 g6 3. Nc3 Bg7 4. e4 d6 5. Nf3 0-0 6. h3 Nbd7 7. Bg5 c6 8. Be2 e5 9. d5 Qc7 10. Nd2 Nc5 11. b4 Ncd7 12. 0-0 Ne8 13. Be7 f5 14. Bxf8 Nxf8 15. c5 Nf6 16. Qb3 Kh8 17. Rfd1 cxd5 18. Nxd5 Nxd5 19. Qxd5 dxc5 20. Qxc5 Qxc5 21. bxc5 Bd7 22. Bc4 Ne6 23. Nb3 Nd4 24. Nxd4 exd4 25. Bd5 Ba4 26. Bxb7 Bxd1 27. Bxa8 Bc2 28. exf5 d3 29. Rf1 gxf5 30. Bf3 d2 31. c6 Be5 32. g4 fxg4 33. hxg4 Kg7 34. Kg2 Kf6 35. Rh1 Ke6 36. Rh6+ Ke7 37. Rh5 Ke6 38. Rxe5+ Kxe5 39. c7 Be4 40. Bxe4 d1Q 41. c8Q Kxe4 1-0

[Event "Mondragon Arrasate Hiria op 8th"]
[Site "Mondragon "]
[Date "2008.11.28"]
[Round "6"]
[White "Miguelez Garcia, Erlantz"]
[Black "Segura del Frago, Imanol"]
[Result "0-1"]
[WhiteElo "1845"]
[BlackElo "1906"]
[PlyCount "76"]
[EventDate "2008.10.24"]
[EventType "swiss"]
[EventRounds "6"]
[EventCountry "ESP"]
[SourceTitle "CBM 127 Extra"]
[Source "ChessBase"]
[SourceDate "2009.01.08"]
[SourceVersion "2"]
[SourceVersionDate "2009.01.28"]
[SourceQuality "1"]

1. b3 e5 2. Bb2 Nc6 3. c4 Nf6 4. e3 d5 5. cxd5 Nxd5 6. a3 a6 7. Qc2 Bd6 8. d3 0-0 9. Nf3 Qf6 10. Nbd2 Qg6 11. Be2 f5 12. Nc4 Re8 13. 0-0 f4 14. e4 Nf6 15. Nxd6 cxd6 16. Nh4 Qg5 17. Nf5 Bxf5 18. exf5 Qxf5 19. b4 Rac8 20. Qb3+ Kh8 21. Bf3 g5 22. Rfe1 g4 23. Be4 Nxe4 24. dxe4 Qg6 25. Rad1 f3 26. Rd3 Nd8 27. Qd5 Rc6 28. h3 gxh3 29. g3 Rf8 30. Ree3 h2+ 31. Kxh2 Rc2 32. Rxf3 Rxf2+ 33. Rxf2 Rxf2+ 34. Kg1 Rxb2 35. Qxd6 Rb1+ 36. Kf2 Qf7+ 37. Ke3 Re1+ 38. Kd2 Qf2+ 0-1